Eurodokument pre mestskú samosprávu

Zelená kniha - Za novú kultúru mestskej mobility (KOM)/2007/551) schválená v Bruseli v septembri 2007 Komisiou Európskych spoločenstiev. Päť výziev Zelenej knihy. Za plynulú premávku v mestách. Za zelenšie mestá. Za inteligentnejšiu mestskú dopravu. Za dostupnú mestskú dopravu. Za bezpečnú a istú me...

Description complète

Enregistré dans:
Détails bibliographiques
Auteur principal: Bartl, Jaroslav
Format: Chapitre de livre
Langue:slovaque
Sujets:
Tags: Ajouter un tag
Pas de tags, Soyez le premier à ajouter un tag!

MARC

LEADER 00000naa$a2200000$$$4500
001 0075554
005 20231013071956.6
041 0 |a slo 
044 |a SK 
245 1 0 |a Eurodokument pre mestskú samosprávu  |c Jaroslav Bartl 
520 |a Zelená kniha - Za novú kultúru mestskej mobility (KOM)/2007/551) schválená v Bruseli v septembri 2007 Komisiou Európskych spoločenstiev. Päť výziev Zelenej knihy. Za plynulú premávku v mestách. Za zelenšie mestá. Za inteligentnejšiu mestskú dopravu. Za dostupnú mestskú dopravu. Za bezpečnú a istú mestskú dopravu. Financovanie projektov mestskej dopravy. 
610 2 0 |a mestá 
610 2 0 |a samospráva 
610 2 0 |a doprava 
610 2 0 |a bezpečnosť dopravy 
610 2 0 |a dokumenty 
610 2 0 |a financovanie 
610 2 0 |a Európska únia 
100 1 |a Bartl, Jaroslav